000 01299cam a22003617a 4500
003 CHAP
005 20220329143704.0
008 110126s1983 it r 00010 spa d
010 _a100367
011 _a101339
035 _a112026
040 _cCHAP
090 _aFolleto 7168 1983
110 2 _aFAO. Comisión del Codex Alimentarius
_939482
245 1 0 _aCódigo internacional recomendado de prácticas para el pescado congelado
_c/por FAO. Comisión del Codex Alimentarius
250 _a2 ed.
260 _aRoma :
_bFAO : OMS,
_c1983
300 _avi, 61 p.
490 _aPrograma conjunto FAO/OMS sobre normas alimentarias
590 _aBATCH-UPD
_b10
_c20130110
_lUCH01
_h1323
590 _aBATCH-UPD
_b10
_c20130410
_lUCH01
_h0832
590 _aBATCH-UPD
_b10
_c20130914
_lUCH01
_h0222
590 _aCONVERSION
_b10
_c20130109
_lUCH01
_h1355
650 1 4 _aAlimentos
_xInspección.
_94239
650 1 4 _aPescado congelado.
_987465
650 1 4 _aPescado
_xNormas de calidad.
_987458
650 1 4 _aProductos pesqueros
_xHigiene.
_992206
710 0 _aOrganización Mundial de la Salud.
_983555
830 0 _aPrograma conjunto FAO/OMS sobre normas alimentarias
_992254
901 _aBK
942 _cFOLL
949 _aFolleto 7168 (1983)
_bBC
_cFAO
_d33724002098751
_eFAO1
_gDonaciØn
_i112026
_sb
999 _c100367
_d100367